Výskum otázok vnútornej ekonomiky vysokého školstva (výskumná štúdia - II. etapa)
Saved in:
| Main Author: | |
|---|---|
| Format: | Book |
| Language: | Slovak |
| Published: |
Bratislava
Ústav ekonomiky vzdelania VŠE
1971
|
| Tags: |
No Tags, Be the first to tag this record!
|
MARC
| LEADER | 00000nam a2200000 4500 | ||
|---|---|---|---|
| 001 | c121214 | ||
| 005 | 20200722090010.8 | ||
| 041 | 0 | |a slo | |
| 044 | |a SK | ||
| 245 | 1 | 0 | |a Výskum otázok vnútornej ekonomiky vysokého školstva |b (výskumná štúdia - II. etapa) |c Andrej Kamiač |
| 264 | 1 | |a Bratislava |b Ústav ekonomiky vzdelania VŠE |c 1971 | |
| 300 | |a 126 s. | ||
| 100 | 1 | |a Kamiač, Andrej | |